Analisis teoritikal kesan rekabentuk terma bumbung rumah teres terhadap kos operasi penyaman udara

Saved in:
Bibliographic Details
Main Author: Dayang Haja Abang Ahmad
Corporate Authors: Universiti Pertahanan Nasional Malaysia Fakulti Kejuruteraan, Universiti Teknologi Malaysia Fakulti Kejuruteraan
Format: Thesis Book
Language:Malay
Published: Kuala Lumpur Fakulti Kejuruteraan, UPNM/UTM 2002
Series:Projek Sarjana Muda
Final Year Project
Undergraduate Project
Subjects:
Tags: Add Tag
No Tags, Be the first to tag this record!
Call Number :psm SZM .D435 2002

MARC

LEADER 00000pam a2200000 a 4500
001 18552
003 MY-KLNDU
005 20241218061151.0
008 2002 my a abm 000 0 may d
035 |a 0000018669 
039 9 |a 201412121122  |b zul  |c 201403131231  |d hasri  |c 201403131230  |d hasri  |c 201403131229  |d hasri  |y 200910091012  |z VLOAD 
040 |a UPNM 
090 |a psm SZM .D435 2002 
100 0 |a Dayang Haja Abang Ahmad 
245 1 0 |a Analisis teoritikal kesan rekabentuk terma bumbung rumah teres terhadap kos operasi penyaman udara  |c Dayang Haja Abang Ahmad 
260 |a Kuala Lumpur  |b Fakulti Kejuruteraan, UPNM/UTM  |c 2002 
300 |a xvii, 93p.  |b ill.  |c 30 cm 
490 1 |a Projek Sarjana Muda 
490 1 |a Final Year Project 
490 1 |a Undergraduate Project 
502 |a Projek Sarjana Muda  |b Sarjana Muda Kejuruteraan Mekanikal 
502 |a Final Year Project  |b Bachelor of Mechanical Engineering 
502 |a Undergraduate Project  |b Bachelor of Mechanical Engineering 
504 |a Includes bibliographical references 
655 |a Sarjana Muda Kejuruteraan Mekanikal 
655 |a Bachelor of Mechanical Engineering 
710 2 |a Universiti Pertahanan Nasional Malaysia  |b Fakulti Kejuruteraan 
710 2 |a Universiti Teknologi Malaysia  |b Fakulti Kejuruteraan 
830 0 |a Projek Sarjana Muda 
830 0 |a Final Year Project 
830 0 |a Undergraduate Project 
999 |a vtls000018666  |c 18552  |d 18552